Dr. S. R. Lasker Library Online Catalogue

Home      Library Home      Institutional Repository      E-Resources      MyAthens      EWU Home

A dictionary of linguistics and phonetics / (Record no. 3077)

MARC details
000 -LEADER
fixed length control field 01704cam a2200361 a 4500
001 - CONTROL NUMBER
control field 3077
003 - CONTROL NUMBER IDENTIFIER
control field BD-DhEWU
005 - DATE AND TIME OF LATEST TRANSACTION
control field 20180104020004.0
008 - FIXED-LENGTH DATA ELEMENTS--GENERAL INFORMATION
fixed length control field 960311r19971998enka g d 000 0 eng d
020 ## - INTERNATIONAL STANDARD BOOK NUMBER
International Standard Book Number 0631200967 (acidfree paper)
International Standard Book Number 0631200975 (pbk. : acidfree paper))
International Standard Book Number 9780631200963
035 ## - SYSTEM CONTROL NUMBER
System control number (OCoLC)34475403
040 ## - CATALOGING SOURCE
Original cataloging agency DLC
Transcribing agency DLC
Modifying agency DLC
-- BD-DhEWU
Language of cataloging eng
041 ## - LANGUAGE CODE
Language code of text/sound track or separate title eng
050 00 - LIBRARY OF CONGRESS CALL NUMBER
Classification number P29
Item number .C65 1997
082 04 - DEWEY DECIMAL CLASSIFICATION NUMBER
Classification number 410.3
Edition number
Item number CRD 1997
100 1# - MAIN ENTRY--PERSONAL NAME
Personal name Crystal, David,
9 (RLIN) 6172
245 12 - TITLE STATEMENT
Title A dictionary of linguistics and phonetics /
Statement of responsibility, etc David Crystal.
250 ## - EDITION STATEMENT
Edition statement 4th ed., updated and enlarged
260 ## - PUBLICATION, DISTRIBUTION, ETC. (IMPRINT)
Place of publication, distribution, etc Oxford, UK ;
-- Cambridge, Mass. :
Name of publisher, distributor, etc Blackwell,
Date of publication, distribution, etc c1997.
300 ## - PHYSICAL DESCRIPTION
Extent xvi, 426 p. :
Other physical details ill. ;
Dimensions 23 cm.
490 0# - SERIES STATEMENT
Series statement Language library.
500 ## - GENERAL NOTE
General note Online version:<br/>Crystal, David, 1941-<br/>Dictionary of linguistics and phonetics.<br/>Oxford, UK ; Cambridge, Mass. : Blackwell, 1997<br/>(OCoLC)605519666
520 ## - SUMMARY, ETC.
Summary, etc Completely revised and updated in its fourth edition, A Dictionary of Linguistics and Phonetics is the standard single-volume reference for its field. The fourth edition incorporates new words or senses which have developed in linguistics during the 1990s. Some 15 per cent larger than the preceding edition in its coverage, the dictionary contains new aspects of linguistic theory and research, including the Read more...
526 ## - STUDY PROGRAM INFORMATION NOTE
Program name ELT
590 ## - LOCAL NOTE (RLIN)
Local note Saifun Momota
650 #0 - SUBJECT ADDED ENTRY--TOPICAL TERM
Topical term or geographic name as entry element Linguistics -- Dictionaries.
9 (RLIN) 6173
653 ## - INDEX TERM--UNCONTROLLED
Uncontrolled term Phonetics.
856 ## - ELECTRONIC LOCATION AND ACCESS
Materials specified WorldCat details
Uniform Resource Identifier http://www.worldcat.org/title/dictionary-of-linguistics-and-phonetics/oclc/34475403&referer=brief_results
942 ## - ADDED ENTRY ELEMENTS (KOHA)
Source of classification or shelving scheme Dewey Decimal Classification
Koha item type Text
Koha issues (borrowed), all copies 17
Holdings
Withdrawn status Lost status Source of classification or shelving scheme Damaged status Not for loan Collection code Home library Current library Shelving location Date acquired Source of acquisition Cost, normal purchase price Total Checkouts Total Renewals Full call number Barcode Date last seen Date checked out Copy number Koha item type
    Dewey Decimal Classification     Non-fiction Dr. S. R. Lasker Library, EWU Dr. S. R. Lasker Library, EWU Circulation Section 21/06/2001 Friends Book Corner 1236.00 12 1 410.3 CRD 1997 9400 07/02/2018 31/01/2018 C-2 Text
    Dewey Decimal Classification   Not For Loan Non-fiction Dr. S. R. Lasker Library, EWU Dr. S. R. Lasker Library, EWU Reserve Section 21/06/2001 Friends Book Corner 1236.00     410.3 CRD 1997 9399     C-1 Text
    Dewey Decimal Classification     Non-fiction Dr. S. R. Lasker Library, EWU Dr. S. R. Lasker Library, EWU Circulation Section 21/06/2001 Friends Book Corner 1236.00 13   410.3 CRD 1997 9401 16/03/2020 05/03/2020 C-3 Text